01397nas a2200337 4500001001000000003000900010005001700019007000300036008003400039040005400073041000900127072000800136100002200144100001600166100001300182100002000195111008400215245016700299246017500466650001000641650001000651650000900661650001200670650003000682650001200712773010800724909004000832942001800872999001900890952015000909BR8401603BR-BrBNA20231205085845.0ta230509b bl.|||p| |||| 00| 00por d aBR-BrBNAbporcBiblioteca Nacional de Agricultura a(Pt) aF251 aOliveira, E.L. de1 aMuzilli, O.1 aIgue, K.1 aTornero, M.T.T.1 a19. Congresso Brasileiro de Ciencia do SolocCuritiba, PR (Brazil)d17 Jul 19831 aAvaliacao da eficiencia agronomica de fosfatos naturais [milho, Zea mays, trigo, Triticum aestivum, soja, Glycine max, latossolo roxo distrofico, cerrado, Brasil]1 aEvaluation of the agronomic efficiency of rock phosphates [maize, Zea mays, wheat, Triticum aestivum, soybean, Glycine max, dystrophic dusky red latosol, cerrado, Brazil] aMILHO aTRIGO aSOJA aFOSFATO aLATOSSOLO ROXO DISTROFICO aCERRADO0 tRevista Brasileira de Ciencia do Solo (Brazil)xISSN 0100-0683g(Jan 1984), v. 8(1) p. 63-67wBR8401603 a202311bLúciac55dLúcia Elande 2AGRISn0cANA c114316d114316 002AGRIS4071a41918b41918cPeriódicos Agrícolash(Jan 1984), v. 8(1) p. 63-67l0r2023-11-29t01yCRePortaria Interministerial nº 164/94